| 000 | 00985nam0a22002531 4500 | ||
|---|---|---|---|
| 001 | rc\3556616 | ||
| 005 | 20250610041445.0 | ||
| 021 |
_aRU _bРг4226-77 |
||
| 021 |
_aRU _b76-100933 |
||
| 035 | _a(NLR Aleph) 007683059 | ||
| 090 |
_a6559154 _c6559154 |
||
| 100 | _a20130115d1976 |||y0rusy50 ca | ||
| 101 | 0 | _arus | |
| 102 | _aRU | ||
| 105 | _aa z ||||| | ||
| 200 | 1 |
_aСистема повышения идейно-политического уровня и квалификации учителей в Таджикской ССР _e(Для ВДНХ СССР) _fВДНХ СССР. М-во нар. образ. ТаджССР. Тадж. НИИ пед. наук |
|
| 210 |
_aДушанбе _cМаориф _d1976 |
||
| 215 |
_a30 с. _cил. _d16 |
||
| 700 | 1 |
_7ca _8rus _aКаримова _bО. Б. _f1924- _gОмина Бугодуровна _9224233 _3RU\NLR\AUTH\770224289 |
|
| 801 | 0 |
_aRU _bNLR _gpsbo |
|
| 801 | 1 |
_aRU _bELAR _2rusmarc |
|
| 852 |
_aNLR _j77-2/1034 |
||
| 942 | _cBOOK | ||
| 980 | _aNB | ||